LEADER 01069cam0-2200325---450- 001 990004492430403321 005 20120706134922.0 035 $a000449243 035 $aFED01000449243 035 $a(Aleph)000449243FED01 035 $a000449243 100 $a19990604d1855----km-y0itay50------ba 101 1 $aita$ceng 102 $aIT 105 $a--------001ay 200 1 $a<>viaggio sentimentale$fdi Lorenzo Sterne$gtradotto da Ugo Foscolo$aStoria di Yorick, Il naso grosso, Storia di Lefèvre$g[episodi del Tristano Shandy] tradotti da Carlo Bini 210 $aFirenze$cFelice Le Monnier$d1855 215 $a248 p.$d16 cm 676 $a823.7 700 1$aSterne,$bLaurence$0168002 702 1$aBini,$bCarlo$f<1806-1842> 702 1$aFoscolo,$bUgo$f<1778-1827> 801 0$aIT$bUNINA$gRICA$2UNIMARC 901 $aBK 912 $a990004492430403321 952 $a823.6 STER 1(1)$bBibl.2129$fFLFBC 959 $aFLFBC 996 $aStoria di Yorick, Il naso grosso, Storia di Lefèvre$9547077 996 $aViaggio sentimentale$9167300 997 $aUNINA